000 00331 a2200157 4500
001 57869
020 _a8571642478
040 _cAnchieta - Pituba
100 _aStout, Rex
240 1 0 _aAranhas de ouro
_lpor
245 1 0 _aAranhas de ouro
300 _a190
362 0 _a1992
650 4 _aFicção norte-americana
942 _cBK
999 _c57869
_d57869